000 00840nam a2200265Ia 4500
003 OSt
005 20220926022824.0
006 a|||||r|||| 00| 0
007 ta
008 220923b |||||||| |||| 00| 0 eng d
020 _a9781781681367
_c1129.4400000000001
037 _b3818, 13/03/2014, Orange Books
_cGeneral Book
040 _aRTL
_cRTL
_beng
041 _2eng
_aeng
082 _aX:3L.73, Q2
100 _aPANITCH Leo
_939947
245 0 _aMaking of global capitalism
_b The political economy of American empire
260 _aNew York
_bVerso
_c2012
300 _ax,470p.
_ccm.
500 _aBibliography: P 259-278
650 _aEconomics
700 _a GINDIN Sam
_9328298
942 _hX:3L.73, Q2
_cGB
_2CC
999 _c640313
_d640313